Statistics for Countries Bordering Europe

Click here to take the quiz!

General Stats

  • This quiz has been taken 39 times
    (11 since last reset)
  • The average score is 8 of 10

Answer Stats

Bordered By:Country% Correct
RussiaChina
90%
RussiaGeorgia
80%
RussiaKazakhstan
80%
RussiaMongolia
80%
Bulgaria | GreeceTurkey
80%
RussiaAzerbaijan
70%
FranceBrazil
70%
SpainMorocco
70%
FranceSuriname
70%
RussiaNorth Korea
60%

Score Distribution

Percentile by Number Answered

Percent of People with Each Score

Your Score History

You have not taken this quiz since the last reset